| 000 | 00714nam a2200217 4500 | ||
|---|---|---|---|
| 005 | 20241001143122.0 | ||
| 010 | _aENG-141820 | ||
| 020 |
_c1500.00 _a9789386235237 |
||
| 035 | _aEN-125352 | ||
| 037 | _bDBAD | ||
| 082 |
_a618.076 _25 |
||
| 100 |
_aRao, Bhaskar _972266 |
||
| 245 |
_aClinical Gynecology/ _cBy Bhaskar Rao; Roy Choudhury's [and] Edited By S Rathnakumar |
||
| 250 | _a5 | ||
| 260 |
_aHyderabad _bUniversities Press (India) Pvt. Ltd. _c2019 |
||
| 270 |
_a3-6-747/A & 3-6-754/1, Himayatnagar _bHyderabad _e500029 |
||
| 300 |
_avi,402p. _c28cm(pb) |
||
| 700 |
_aChoudhury's, Roy _eAuthor _972267 |
||
| 700 |
_aRathnakumar, S _eEdited _972268 |
||
| 942 |
_2ddc _cEN _h618.076 _mRAO _e5 |
||
| 999 |
_c206053 _d206053 |
||